Trouvez les paroles - La Pluie - Orelsan - Statistiques

Statistiques générales
  • Ce quiz a été pris 56 fois
  • Le résultat moyen est 186 sur 265
Statistiques - réponses
Réponse % Correct
a
96%
à
96%
moi
96%
pluie
96%
de
94%
il
94%
jours
94%
la
94%
me
94%
chez
91%
Chez
91%
Ma
91%
ma
91%
du
89%
fait
89%
le
89%
Toujours
89%
beau,
87%
beau
87%
autant
85%
des
85%
on
85%
par
85%
pas
85%
ça
83%
dans
83%
et
83%
les
83%
d'la
79%
Mais
79%
ou
79%
79%
pour
79%
quand
79%
d'pluie
77%
que
77%
est
74%
même
74%
qui
74%
temps
74%
en
72%
j'viens
72%
un
72%
ville
72%
an
70%
y'a
70%
c'est
68%
fin
68%
plus
68%
tu
68%
Mon
66%
soleil
66%
tout
66%
danse
64%
mère
64%
parti
64%
qu'on
64%
chenille
62%
France
62%
lu
62%
manquer
62%
mouillé
62%
prend
62%
beton
60%
J'ai
60%
l'attendre
60%
ménagère
60%
mes
60%
mettre
60%
pensé
60%
peux
60%
quarante
60%
ses
60%
une
60%
veulent
60%
centre
57%
chambre
57%
deux
57%
faire
57%
finirait
57%
haut,
57%
jamais
57%
j'aurais
57%
l'odeur
57%
mauvais
57%
passer
57%
publicitaires
57%
sur
57%
vieux
57%
vole
57%
bruit
55%
cercle
55%
crash
55%
forment
55%
J'connais
55%
j'connais
55%
livres
55%
milieu
55%
père
55%
qu'le
55%
rampe
55%
rues
55%
si
55%
vicieux
55%
aller
53%
classe
53%
d'autres
53%
être
53%
l'année
53%
lent
53%
moyenne
53%
moyennement
53%
oiseaux
53%
peur
53%
plein
53%
potes
53%
p'tits
53%
réfléchir
53%
rouiller
53%
terre
53%
tests
53%
featuring
51%
fenêtre
51%
l'monde
51%
l'monospace
51%
notre
51%
partir
51%
qu'ont
51%
sabots
51%
sont
51%
tisane
51%
caisses
49%
campagne
49%
diplômés,
49%
j'avais
49%
place
49%
ragots
49%
toutes
49%
viennent
49%
voulait
49%
cherche
47%
c'qu'il
47%
critique
47%
devenir
47%
d'l'averse
47%
gravi
47%
gros
47%
invités
47%
j'suis
47%
Julien
47%
parce
47%
Clerc
45%
phrases
45%
sûrement
45%
trempé
45%
j'regardais
43%
l'échelle
43%
plupart
43%
enfermé
40%
l'chômage
40%
tête
38%
essuie-glaces
36%
j'priais
34%
J'freestylais
30%
muret,
30%
dummies
9%
Aucun quiz correspondant
Distribution des résultats
% des personnes avec chaque résultat
Percentile par nombre de réponses
Votre historique - résultats
Vous n’avez pas pris ce quiz